| 000 | 01360nam a2200277Ia 4500 | ||
|---|---|---|---|
| 999 |
_c5022 _d5022 |
||
| 003 | OSt | ||
| 005 | 20200429195208.0 | ||
| 008 | 191128s2001 ck gr 000 0 spa d | ||
| 020 | _a9586165086 | ||
| 040 |
_aCO-JMCR _cCO-JMCR |
||
| 041 | 0 | _aspa | |
| 082 | 0 | 4 |
_a305.42 / _bB813d |
| 082 | _b | ||
| 100 | 1 |
_aBrage Camazano, Joaquín, _e autor _93746 |
|
| 245 | 1 | 0 |
_aDiscriminación positiva en favor de la mujer en el derecho comunitario : _b(en torno a la sentencia del 11 de noviembre de 1997 del Tribunal de Justicia de las comunidades europeas) / _cJoaquín Brage Camazano |
| 250 | _aPrimera edición | ||
| 260 |
_aBogotá : _bUniversidad Externado de Colombia, _c2001 |
||
| 300 |
_a41 páginas ; _c21 cm. |
||
| 300 | _c 21 cm | ||
| 490 | 0 |
_aTemas de Derecho Público ; _v62 |
|
| 505 | _aTécnicas jurídicas de lucha contra la discriminación de la mujer : esbozo -- La sentencia "Kalanke" como precedente inmediato -- La sentencia "Marschall" | ||
| 520 | _aEl Instituo de Estudios Constitucionales "Carlos Restrepo Piedrahita" fue creado por el Consejo Superior de la Universidad Externado de Colombia y su fondo bibliográficp incial con más de 18.000 volúmenes fue donado por el Profesor Carlos Restrepo Piedrah | ||
| 650 | 1 | 4 |
_aMujeres _xSituación legal _93747 |
| 650 | 2 | 4 |
_aDiscriminación sexual conta la mujer _93748 |
| 942 |
_2ddc _cBK |
||